000 00729nam a2200277Ia 4500
005 20260324113754.0
008 008 260324s9999 xx 000 0 eng d
020 _a9781003386308
037 _aEBOOK
040 _aCRL
040 _beng
040 _cCRL
041 _2eng
041 _aeng
084 _qCRL
100 _aBhushan R. Rane; Raj K. Keservani; Durgesh Singh; Nayan A. Gujarathi; Ashish S. Jain
_91148109
245 0 _aFood Supplements and Dietary Fiber in Health and Disease
260 _bTaylor and Francis
260 _c2023
365 _a
365 _b290
856 _uhttp://www.taylorfrancis.com/books/9781003386308
942 _cEBOOK
999 _c1737935
_d1737935